| 000 | 00337cam a22001337a 4500 | ||
|---|---|---|---|
| 008 | 180718b1995 xxu||||| |||| 00| 0 eng d | ||
| 020 | _a8122003974 | ||
| 082 | _aN4x54 V869 | ||
| 100 | _aVohra, B.L. | ||
| 245 |
_aDon't laugh we are police _cby B.L. Vohra |
||
| 260 |
_aDelhi _bKonark _c1995 |
||
| 300 | _a157p. | ||
| 650 | _aPolice - India | ||
| 999 |
_c377489 _d377489 |
||